000 00899nam a22002417a 4500
999 _c1601
_d1601
003 AR-CdUCM
008 190227b ||||| |||| 00| 0 spa d
040 _aMUNICIPALIDAD PROVINCIAL DEL CUSCO
_cBIBLIOTECA MUNICIPAL DEL CUSCO
041 _heng
082 _a301 /
_bC526
100 _aChase, Stuart
_96003
245 _aEl estudio de la Humanidad /
260 _aMéxico D. F. :
_bUTEHA,
_c1966.
300 _aXVI, 417 páginas ;
_c18 cm.
440 _aManuales UTEHA.
_n335/a-b-c
_nSección 14 Ciencias sociales
_96004
505 _aContenido: Escalas científicas -- Variedades de la ciencia social -- Valores comunes de la humanidad -- Los científicos estudian la raza -- La ciencia de las encuestas ...
650 _aEconomía
_9382
650 _aCambio social
_95168
650 _aCultura
_9126
700 _aMateo, Andres M. (traducción)
_96005
942 _2ddc
_cLIBROS
945 _aachl